000 01912nam a2200445 i 4500
001 62378
003 FINmELB
005 20241217142242.0
006 m o u
007 cr cn|||||||||
008 210330s2018 sp o 000 0 spa d
020 _a9789877601428
_q(e-book)
020 _z9789877601145
035 _a(OCoLC)1127471982
040 _aFINmELB
_bspa
_erda
_cFINmELB
050 1 4 _aQ180.55.S7
_bB656 2018
080 _a001.8
082 0 4 _a001.422
_223
100 1 _aBologna, Eduardo,
_eautor.
245 1 0 _aMétodos estadísticos de investigación /
_cEduardo Bologna.
264 1 _aCórdoba :
_bEditorial Brujas,
_c2018.
300 _a1 recurso en línea (353 páginas)
336 _atexto
_btxt
_2rdacontent/spa
337 _acomputadora
_bc
_2rdamedia/spa
338 _arecurso en línea
_bcr
_2rdacarrier/spa
505 0 _aMétodos estadísticos de investigación; Página legal; Contenidos; Presentación; Parte I:; Capítulo 1; Capítulo 2; Capítulo 3; Capítulo 4; Capítulo 5; Parte II; Capítulo 6; Capítulo 7; Capítulo 8; Capítulo 9; Parte III; Capítulo 10; Capítulo 11; Capítulo 12; Capítulo 13; Referencias bibliográficas.
588 _aDescripción basada en metadatos suministrados por el editor y otras fuentes.
590 _aRecurso electrónico. Santa Fe, Arg.: elibro, 2021. Disponible vía World Wide Web. El acceso puede estar limitado para las bibliotecas afiliadas a elibro.
650 0 _aResearch
_xStatistical methods.
650 4 _aInvestigación
_xMétodos estadísticos.
650 4 _aMetodología de investigación.
650 0 _aResearch
_xMethodology.
655 4 _aLibros electrónicos.
797 2 _aelibro, Corp.
856 4 0 _uhttps://elibro.net/ereader/politecnicointernacional/106355
999 _c62378
_d62378